[Event "ch-USA Girls 2025"]
[Site "Saint Louis USA"]
[Date "2025.07.19"]
[Round "5.1"]
[White "Mou, Iris"]
[Black "Gaw, Chloe"]
[Result "1/2-1/2"]
[WhiteTitle "WIM"]
[BlackTitle "WIM"]
[WhiteElo "2271"]
[BlackElo "2172"]
[WhiteFideId "30939836"]
[BlackFideId "30966892"]
[EventDate "2025.07.15"]

1. e4 c5 2. Nf3 d6 3. d4 cxd4 4. Nxd4 Nf6 5. Nc3 Nc6 6. Bg5 e6 7. Qd2 a6 8. Nxc6
bxc6 9. O-O-O Be7 10. Bxf6 gxf6 11. Bc4 O-O 12. Qh6 Kh8 13. Rd3 Rg8 14. Rh3 Rg7
15. f4 Qg8 16. Rg3 Bd7 17. Bd3 a5 18. Kb1 e5 19. Rxg7 Qxg7 20. Qxg7+ Kxg7 21. f5
Rg8 22. Bc4 Kf8 23. g3 Bd8 24. Rd1 Ke7 25. Be2 Bb6 26. Bf3 Rb8 27. Na4 Bd4 28.
b3 c5 29. Nb2 a4 30. Rd3 Bb5 31. c4 Bxb2 32. cxb5 a3 33. Be2 Rxb5 34. Kc2 Rb4
35. Re3 Bd4 36. Rf3 Bg1 37. Bc4 Bxh2 38. Rf2 Bg1 39. Rf1 Be3 40. Rh1 h6 41. Kd3
Bg5 42. Rh5 Rb8 43. Rh1 Rb4 44. Rh5 Rb8 45. Rh1 Rb4 46. Rh5 1/2-1/2

[Event "ch-USA Girls 2025"]
[Site "Saint Louis USA"]
[Date "2025.07.19"]
[Round "5.2"]
[White "Li, Rachael"]
[Black "Qiu, Laurie"]
[Result "1-0"]
[WhiteTitle "WFM"]
[BlackTitle "WFM"]
[WhiteElo "2162"]
[BlackElo "2031"]
[WhiteFideId "30929849"]
[BlackFideId "30998190"]
[EventDate "2025.07.15"]

1. b3 d5 2. Bb2 c5 3. e3 Nf6 4. Nf3 g6 5. Be2 Bg7 6. d3 Nc6 7. Ne5 Qc7 8. Nxc6
Qxc6 9. O-O O-O 10. f4 b6 11. Nd2 Bb7 12. Rb1 Rfe8 13. Bf3 Rad8 14. Qe1 Qe6 15.
h3 h5 16. Qf2 Ba8 17. Ba1 b5 18. Rbe1 Qf5 19. Qh4 c4 20. g4 hxg4 21. hxg4 Qe6
22. g5 Nh5 23. Bxh5 gxh5 24. f5 Qd6 25. Bxg7 Kxg7 26. f6+ Kg8 27. Qxh5 e6 28.
Rf3 1-0

[Event "ch-USA Girls 2025"]
[Site "Saint Louis USA"]
[Date "2025.07.19"]
[Round "5.3"]
[White "Yan, Ruiyang"]
[Black "Tang, Zoey"]
[Result "0-1"]
[WhiteTitle "FM"]
[BlackTitle "FM"]
[WhiteElo "2209"]
[BlackElo "2371"]
[WhiteFideId "30919860"]
[BlackFideId "30952530"]
[EventDate "2025.07.15"]

1. e4 c5 2. Nf3 d6 3. d4 cxd4 4. Nxd4 Nf6 5. Nc3 Nc6 6. Bg5 a6 7. Qd2 Qb6 8.
O-O-O Qxd4 9. Qxd4 Nxd4 10. Rxd4 Bd7 11. f3 Rc8 12. Rc4 h6 13. Bxf6 gxf6 14. Nd5
h5 15. Rxc8+ Bxc8 16. Kd2 Bh6+ 17. Ke1 f5 18. Bd3 fxe4 19. Bxe4 f5 20. Bd3 Kf7
21. Kf2 Be6 22. Nc7 Bd7 23. Nd5 Be6 24. Nc7 Bd7 25. Nd5 h4 26. g3 hxg3+ 27. hxg3
Be3+ 28. Kg2 Rxh1 29. Kxh1 Bc1 30. Nb6 Bc6 31. Kg2 Bxb2 32. Bxf5 Bd4 33. Nc4 Bd5
34. Na5 Bxa2 35. Nxb7 Bb6 36. Be4 Ke6 37. Kf1 a5 38. Nxa5 Bxa5 39. Bd3 d5 40.
Ke2 Bc4 41. Ke3 Bb6+ 42. Ke2 Bxd3+ 43. Kxd3 Bf2 44. g4 Ke5 45. c4 dxc4+ 46. Kxc4
Kf4 47. Kd5 Bh4 48. Ke6 Kxf3 49. Kf5 Bf6 50. g5 Bxg5 0-1

[Event "ch-USA Girls 2025"]
[Site "Saint Louis USA"]
[Date "2025.07.19"]
[Round "5.4"]
[White "Paragua, Megan Althea"]
[Black "Atwell, Rose"]
[Result "1-0"]
[WhiteTitle "FM"]
[BlackTitle "FM"]
[WhiteElo "2249"]
[BlackElo "2271"]
[WhiteFideId "30973007"]
[BlackFideId "30951011"]
[EventDate "2025.07.15"]

1. e4 e6 2. d4 d5 3. exd5 exd5 4. Bd3 Nc6 5. Ne2 Nb4 6. Bb5+ Bd7 7. Bxd7+ Qxd7
8. a3 Na6 9. Nbc3 c6 10. Bf4 Nc7 11. Qd2 Ne6 12. Bg3 Ne7 13. O-O-O Nf5 14. Qd3
Nxg3 15. hxg3 g6 16. f4 O-O-O 17. g4 Ng7 18. Qf3 f5 19. gxf5 Nxf5 20. Kb1 Nd6
21. Qh3 Re8 22. Ng1 Ne4 23. Nxe4 Rxe4 24. Qxd7+ Kxd7 25. Nf3 Bd6 26. g3 Re3 27.
Rdf1 Ke7 28. f5 Bxg3 29. fxg6 h5 30. Ng5 Rg8 31. Rxh5 Rxg6 32. Rf7+ Kd6 33. Rxb7
Re7 34. Nf7+ Ke6 35. Nd8+ Kd6 36. Rh7 Rxh7 37. Rxh7 Bf2 38. c3 a6 39. Nb7+ Ke6
40. Nc5+ Kf6 41. Nxa6 Ke6 42. Nc5+ Kf6 43. Nd7+ Kg5 44. Ne5 Re6 45. Rc7 c5 46.
Nd3 Bg3 47. Rxc5 Kf5 48. Rxd5+ Ke4 49. Rg5 Kxd3 50. Rxg3+ Kc4 51. Ka2 1-0

[Event "ch-USA Girls 2025"]
[Site "Saint Louis USA"]
[Date "2025.07.19"]
[Round "5.5"]
[White "Su, Jasmine Zhixin"]
[Black "Wu, Rochelle"]
[Result "1/2-1/2"]
[BlackTitle "FM"]
[WhiteElo "2189"]
[BlackElo "2213"]
[WhiteFideId "30974909"]
[BlackFideId "30908132"]
[EventDate "2025.07.15"]

1. e4 c5 2. Nf3 d6 3. d4 cxd4 4. Nxd4 Nf6 5. Nc3 a6 6. f3 e5 7. Nb3 Be6 8. Be3
Nbd7 9. g4 Be7 10. Qd2 b5 11. g5 b4 12. Nd5 Nxd5 13. exd5 Bf5 14. Rg1 a5 15. Bd3
Bg6 16. Qe2 a4 17. Nd2 Qa5 18. Bb5 Rb8 19. Bc6 a3 20. b3 Qc7 21. Nc4 O-O 22.
O-O-O Bh5 23. Qg2 Rfd8 24. Rde1 Bf8 25. f4 Bg6 26. Qf2 exf4 27. Bxf4 Rbc8 28.
Be3 Nc5 29. Bd4 Qa7 30. Rd1 Qa6 31. Rge1 Ne4 32. Qg2 Rxc6 33. dxc6 Qxc6 34. h4
Re8 35. Re3 Re6 36. Rde1 d5 37. Ne5 Qc7 38. Nxg6 hxg6 39. Rxe4 dxe4 40. Rxe4 Rc6
41. Qf2 Qd7 42. Qf3 Qc8 43. Re2 Rd6 44. Be5 Rd8 45. Re1 Qc5 46. Ba1 Rc8 47. Qe4
Bd6 48. Bd4 Qc7 49. Re2 Rd8 50. Rd2 Rc8 51. Re2 Bg3 52. Be5 Bxe5 53. Qxe5 Qc6
54. Qe4 Qc3 55. Qe5 Qh3 56. Qe4 Rc3 57. Qxb4 Qf1+ 58. Kd2 Rxc2+ 59. Kxc2 Qxe2+
60. Qd2 Qe4+ 61. Kc3 Qxh4 62. b4 f5 63. gxf6 Qxf6+ 64. Kb3 g5 65. b5 Qf3+ 66.
Kb4 g4 67. Qd7 g3 68. Qe6+ Kh7 69. Qh3+ Kg6 70. Qe6+ Kh5 71. Qe8+ Kh4 72. Qh8+
Qh5 73. Qd8+ Qg5 74. Qh8+ Kg4 75. Qc8+ Qf5 76. Qc4+ Kh3 77. b6 g2 78. Qc3+ Kh2
79. Qc7+ Kh3 80. b7 Qf8+ 81. Ka5 g1=Q 82. Qc8+ Qxc8 83. bxc8=Q+ Qg4 84. Qc3+ Qg3
85. Qc8+ Kg2 86. Qc2+ Kf1 87. Qc4+ Kf2 88. Qc2+ Ke3 89. Qc3+ Kf4 90. Qc7+ Kf3
91. Qc3+ Kg2 92. Qc2+ Kf3 93. Qc3+ Kg2 94. Qc2+ Kf3 95. Qc3+ Kg2 96. Qc2+ Kf3 1/2-1/2

[Event "ch-USA Girls 2025"]
[Site "Saint Louis USA"]
[Date "2025.07.21"]
[Round "6.1"]
[White "Tang, Zoey"]
[Black "Qiu, Laurie"]
[Result "1-0"]
[WhiteTitle "FM"]
[BlackTitle "WFM"]
[WhiteElo "2371"]
[BlackElo "2031"]
[WhiteFideId "30952530"]
[BlackFideId "30998190"]
[EventDate "2025.07.15"]

1. d4 d5 2. c4 e6 3. Nc3 Nf6 4. Bg5 Bb4 5. e3 h6 6. Bh4 O-O 7. cxd5 exd5 8. Bd3
Nbd7 9. Ne2 Re8 10. a3 Bxc3+ 11. Nxc3 c6 12. O-O b5 13. Qc1 a5 14. e4 dxe4 15.
Nxe4 Re6 16. Re1 Qe7 17. f4 g6 18. Nxf6+ Nxf6 19. Qxc6 Rxc6 20. Rxe7 Ba6 21. Re5
Rd8 22. d5 Rcd6 23. Rc1 R8d7 24. Bxf6 Rxf6 25. g3 Rfd6 26. Be4 Kf8 27. Rc5 Bb7
28. Kf2 Rb6 29. Ke3 a4 30. Bd3 b4 31. Bb5 bxa3 32. bxa3 Rdd6 33. Kd4 Rd8 34. Bc4
f6 35. Re2 Rbd6 36. Rb2 Bc6 37. Rb6 Be8 38. Rxd6 Rxd6 39. Rc8 Rb6 40. Kc5 Rb2
41. d6 Rd2 42. Be6 Rc2+ 43. Kb6 Rb2+ 44. Ka7 1-0

[Event "ch-USA Girls 2025"]
[Site "Saint Louis USA"]
[Date "2025.07.21"]
[Round "6.2"]
[White "Yan, Ruiyang"]
[Black "Paragua, Megan Althea"]
[Result "1/2-1/2"]
[WhiteTitle "FM"]
[BlackTitle "FM"]
[WhiteElo "2209"]
[BlackElo "2249"]
[WhiteFideId "30919860"]
[BlackFideId "30973007"]
[EventDate "2025.07.15"]

1. e4 c5 2. Nc3 e6 3. d4 cxd4 4. Qxd4 Nc6 5. Qe3 Nf6 6. Nf3 d5 7. exd5 Nxd5 8.
Nxd5 Qxd5 9. Bd3 Nb4 10. Be4 Qc5 11. c3 Qxe3+ 12. Bxe3 Na6 13. O-O-O Bc5 14.
Rhe1 Bxe3+ 15. Rxe3 Nc5 16. Bc2 Nd7 17. Ne5 Nxe5 18. Rxe5 Bd7 19. Be4 O-O-O 20.
Rc5+ Kb8 21. f4 b6 22. Rc4 Bb5 23. Rcd4 Rxd4 24. Rxd4 Kc7 25. Kd2 h6 26. Ke3 Re8
27. g3 e5 28. fxe5 Rxe5 29. Rd5 Rxd5 30. Bxd5 Be8 31. Kd4 f6 32. b4 g5 33. c4
Kd6 34. Be4 Bf7 35. a3 Be6 36. Bg6 Kc6 37. Be4+ Kd6 38. Bg6 Kc6 39. Be4+ Kd6 40.
Bg6 1/2-1/2

[Event "ch-USA Girls 2025"]
[Site "Saint Louis USA"]
[Date "2025.07.21"]
[Round "6.3"]
[White "Gaw, Chloe"]
[Black "Li, Rachael"]
[Result "0-1"]
[WhiteTitle "WIM"]
[BlackTitle "WFM"]
[WhiteElo "2172"]
[BlackElo "2162"]
[WhiteFideId "30966892"]
[BlackFideId "30929849"]
[EventDate "2025.07.15"]

1. d4 Nf6 2. c4 g6 3. Nc3 Bg7 4. e4 d6 5. Be2 O-O 6. Nf3 e5 7. d5 Nbd7 8. h3 Nc5
9. Qc2 Nh5 10. Be3 Nf4 11. Bf1 f5 12. Nd2 Ncd3+ 13. Kd1 Nb4 14. Qb3 Nfd3 15. f3
Qh4 16. Bxd3 Nxd3 17. Kc2 Nf4 18. Rag1 Qe7 19. Kb1 h5 20. Qc2 g5 21. exf5 Bxf5
22. Nde4 h4 23. Ka1 c6 24. Qd2 c5 25. g3 Nxh3 26. Bxg5 Nxg5 27. Nxg5 hxg3 28.
Rxg3 Rf6 29. Nce4 Rg6 30. a3 Bxe4 31. fxe4 Rf8 32. Qh2 Rxg5 33. Qh4 Bf6 34. Rhg1
Rf7 35. Rxg5+ Bxg5 36. Rxg5+ Rg7 37. Rxg7+ Qxg7 38. Qd8+ Qf8 39. Qg5+ Qg7 40.
Qf5 Qf7 41. Qg4+ Kh7 42. Ka2 Kh6 43. Kb3 b6 44. Qh4+ Kg6 45. Qd8 Qf6 46. Qg8+
Qg7 47. Qc8 Kg5 48. Qf5+ Kh4 49. Ka4 a6 50. Qc8 Kg3 51. Qxa6 Qd7+ 52. Kb3 Qc7
53. Qa8 Kf4 54. Qc6 Qd8 55. Ka4 Kxe4 56. b4 Kd3 57. Kb5 e4 58. Qxb6 Qxb6+ 59.
Kxb6 cxb4 60. axb4 Kxc4 61. b5 e3 62. Kc6 e2 63. b6 e1=Q 64. Kxd6 Qb4+ 65. Kc7
Qc5+ 66. Kb7 Kxd5 67. Ka8 Kc6 68. b7 Qa5+ 69. Kb8 Qc7+ 0-1

[Event "ch-USA Girls 2025"]
[Site "Saint Louis USA"]
[Date "2025.07.21"]
[Round "6.4"]
[White "Wu, Rochelle"]
[Black "Mou, Iris"]
[Result "1-0"]
[WhiteTitle "FM"]
[BlackTitle "WIM"]
[WhiteElo "2213"]
[BlackElo "2271"]
[WhiteFideId "30908132"]
[BlackFideId "30939836"]
[EventDate "2025.07.15"]

1. e4 c6 2. d4 d5 3. Nc3 dxe4 4. Nxe4 Nf6 5. Nxf6+ exf6 6. c3 Bd6 7. Bd3 O-O 8.
Ne2 Re8 9. Qc2 h5 10. O-O h4 11. h3 Nd7 12. Bd2 Nf8 13. Rae1 Bd7 14. c4 g6 15.
Kh1 Rc8 16. Bc3 f5 17. Qc1 Ne6 18. b3 Bf8 19. Ng1 Bg7 20. Nf3 Qc7 21. Bb1 Qd6
22. d5 cxd5 23. Bxg7 Nxg7 24. Qh6 Nh5 25. Rd1 Qf6 26. cxd5 Rc5 27. Rd4 Bb5 28.
Bd3 Bxd3 29. Rxd3 Rd8 30. Re1 Rcc8 31. Rd4 f4 32. Rde4 Qg7 33. Qg5 Nf6 34. Rxf4
Nxd5 35. Rd4 Nf6 36. Rxd8+ Rxd8 37. Qxh4 Rd7 38. Rc1 Ne8 39. Rc8 Kf8 40. Ng5
Qa1+ 41. Kh2 Qd4 42. f4 Rd5 43. Nf3 Qg7 44. Qe1 Qf6 45. Qxe8+ Kg7 46. Qh8# 1-0

[Event "ch-USA Girls 2025"]
[Site "Saint Louis USA"]
[Date "2025.07.21"]
[Round "6.5"]
[White "Atwell, Rose"]
[Black "Su, Jasmine Zhixin"]
[Result "1/2-1/2"]
[WhiteTitle "FM"]
[WhiteElo "2271"]
[BlackElo "2189"]
[WhiteFideId "30951011"]
[BlackFideId "30974909"]
[EventDate "2025.07.15"]

1. e4 c5 2. Nf3 d6 3. Bb5+ Nd7 4. a4 Nf6 5. Nc3 a6 6. Bc4 g6 7. a5 h6 8. d3 Bg7
9. h4 b5 10. axb6 Bb7 11. Bb3 Qxb6 12. Bf4 Qc7 13. Qd2 e5 14. Be3 Nb6 15. Na4
Nxa4 16. Bxa4+ Kf8 17. c4 h5 18. Nh2 Ng4 19. Nxg4 hxg4 20. Bd1 f5 21. Bg5 Kf7
22. f3 g3 23. f4 exf4 24. Bxf4 Be5 25. Bxe5 dxe5 26. exf5 gxf5 27. Qg5 f4 28.
Bh5+ Kf8 29. Qf6+ Kg8 30. Qe6+ Kf8 31. Qf6+ Kg8 32. Bg4 Qg7 33. Be6+ Kh7 34.
Bf5+ Kg8 35. Be6+ Kh7 36. Bf5+ Kg8 37. Be6+ Kh7 38. Bf5+ Kg8 1/2-1/2

[Event "ch-USA Girls 2025"]
[Site "Saint Louis USA"]
[Date "2025.07.22"]
[Round "7.1"]
[White "Paragua, Megan Althea"]
[Black "Tang, Zoey"]
[Result "1/2-1/2"]
[WhiteTitle "FM"]
[BlackTitle "FM"]
[WhiteElo "2249"]
[BlackElo "2371"]
[WhiteFideId "30973007"]
[BlackFideId "30952530"]
[EventDate "2025.07.15"]

1. e4 c5 2. Nf3 Nc6 3. Bb5 e6 4. O-O Nge7 5. c3 a6 6. Bxc6 Nxc6 7. d4 cxd4 8.
Nxd4 Be7 9. Nxc6 bxc6 10. e5 O-O 11. Bf4 f6 12. exf6 Rxf6 13. Bg3 d6 14. Qe2 e5
15. f4 exf4 16. Bxf4 d5 17. Nd2 Bc5+ 18. Kh1 Bd7 19. Nb3 Bb6 20. Bg3 Qe8 21. Qd3
Qe3 22. Qxe3 Bxe3 23. Rxf6 gxf6 24. Re1 Re8 25. Bd6 Kf7 26. Bc5 Bf4 27. Rxe8
Kxe8 28. g3 Bc7 29. Kg2 Bf5 30. Kf3 Bc2 31. Nd4 Be4+ 32. Ke3 Kd7 33. b4 Be5 34.
Ne2 Bc7 35. Nc1 Bc2 36. Kd2 Ba4 37. Bd4 f5 38. Be3 Be5 39. Nd3 Bd6 40. Bc5 Bc7
41. Be3 Bd6 42. Bf4 Be7 43. Ne5+ Ke6 44. Nf3 Bf6 45. Bg5 Bg7 46. Be3 Bf6 47. Bd4
Be7 48. Bh8 Kf7 49. Nd4 Kg6 50. Be5 Bb5 51. Bf4 c5 52. Nc2 cxb4 53. cxb4 d4 54.
a3 Bf6 55. Ne1 Kf7 56. Nd3 Ke6 57. a4 Bc4 58. h4 Be7 59. Bg5 Bd6 60. Bf4 Be7 61.
Bg5 Bd6 62. Bf4 Bf8 63. Kc2 Kd5 64. Bd2 Bd6 65. Nf4+ Bxf4 66. Bxf4 h5 67. Kd2
Bb3 68. a5 Bc4 69. Bg5 Bb5 70. Bf4 Kc4 71. Bd6 Kd5 72. Bf4 Kc4 73. Bd6 Kd5 74.
Bf4 Kc4 75. Bd6 1/2-1/2

[Event "ch-USA Girls 2025"]
[Site "Saint Louis USA"]
[Date "2025.07.22"]
[Round "7.2"]
[White "Su, Jasmine Zhixin"]
[Black "Yan, Ruiyang"]
[Result "1/2-1/2"]
[BlackTitle "FM"]
[WhiteElo "2189"]
[BlackElo "2209"]
[WhiteFideId "30974909"]
[BlackFideId "30919860"]
[EventDate "2025.07.15"]

1. e4 c5 2. Nf3 e6 3. d4 cxd4 4. Nxd4 Nf6 5. Nc3 Nc6 6. Nxc6 bxc6 7. e5 Nd5 8.
Ne4 Qc7 9. f4 Qb6 10. c4 Ne3 11. Qd3 Bb4+ 12. Bd2 Ba6 13. b3 O-O 14. Bxb4 Qxb4+
15. Kf2 Nd5 16. g3 Qb6+ 17. Kg2 f6 18. exf6 gxf6 19. Re1 c5 20. Qd2 Nb4 21. Kg1
Bb7 22. Bg2 d5 23. Nf2 dxc4 24. Bxb7 Qxb7 25. Rxe6 cxb3 26. axb3 Rad8 27. Qe2
Nd5 28. Ne4 Qxb3 29. Nxc5 Qb4 30. Nd3 Qd4+ 31. Nf2 Kh8 32. Qe4 Qd2 33. Qe2 Nc3
34. Qxd2 Rxd2 35. Kg2 Rb8 36. Kf3 a5 37. Rhe1 a4 38. Re8+ Rxe8 39. Rxe8+ Kg7 40.
Ra8 f5 41. h3 h5 42. Ke3 Re2+ 43. Kd3 Rxf2 44. Ra7+ Kf6 45. Ra6+ Kf7 46. Kxc3 h4
47. gxh4 Rxf4 48. h5 Rh4 49. h6 Kg8 50. Ra5 Rxh3+ 51. Kc2 Rh5 52. Rxa4 Kh7 53.
Kd3 Kxh6 54. Ke3 Kg5 55. Kf2 Rh3 56. Kg2 Rd3 57. Kf2 Kf6 58. Ra6+ Ke5 59. Ra5+
Ke4 60. Ra4+ Ke5 61. Ra5+ Ke4 62. Ra4+ Ke5 63. Ra5+ Ke4 64. Ra4+ Ke5 1/2-1/2

[Event "ch-USA Girls 2025"]
[Site "Saint Louis USA"]
[Date "2025.07.22"]
[Round "7.3"]
[White "Mou, Iris"]
[Black "Atwell, Rose"]
[Result "1-0"]
[WhiteTitle "WIM"]
[BlackTitle "FM"]
[WhiteElo "2271"]
[BlackElo "2271"]
[WhiteFideId "30939836"]
[BlackFideId "30951011"]
[EventDate "2025.07.15"]

1. e4 e6 2. d4 d5 3. Nc3 Nf6 4. e5 Nfd7 5. Nce2 c5 6. c3 Nc6 7. Nf3 Be7 8. a3
O-O 9. Nf4 Qa5 10. Ra2 Nxd4 11. Nxd4 cxd4 12. b4 Qb6 13. cxd4 f6 14. exf6 Nxf6
15. Bd3 Bd6 16. O-O Bd7 17. Bb1 Ne4 18. Ne2 Bb5 19. Bd3 Rac8 20. Bxb5 Qxb5 21.
f3 Qc4 22. Rb2 Nc3 23. Nxc3 Qxc3 24. Re2 Rf6 25. f4 a5 26. bxa5 Qxa5 27. Qb3 Qc3
28. Qa4 Qd3 29. Ref2 Qc4 30. Qd1 Ra8 31. Rc2 Qa4 32. Qd3 Rff8 33. Re2 Qc4 34.
Qe3 Kh8 35. Ref2 Rf6 36. Bb2 Raf8 37. g3 Qa6 38. Kg2 h6 39. Qc3 R6f7 40. Re1 Bb8
41. Rfe2 Rc7 42. Qb4 Rf6 43. a4 Kh7 44. Qb5 Qd6 45. Qd3+ g6 46. Ba3 Qd7 47. Qb5
Rc6 48. Rc1 Bxf4 49. gxf4 Rxf4 50. h3 Qf7 51. Rxc6 bxc6 52. Qb4 e5 53. Qe7 Qxe7
54. Bxe7 exd4 55. Bd6 Rh4 56. Bg3 Rh5 57. a5 d3 58. Rd2 d4 59. Bc7 Rg5+ 60. Kf3
Rh5 61. a6 Rxh3+ 62. Kg2 Re3 63. a7 Re8 64. Bb8 c5 65. a8=Q c4 66. Qa7+ Kg8 67.
Be5 Rxe5 68. Qb8+ Kf7 69. Qxe5 1-0

[Event "ch-USA Girls 2025"]
[Site "Saint Louis USA"]
[Date "2025.07.22"]
[Round "7.4"]
[White "Li, Rachael"]
[Black "Wu, Rochelle"]
[Result "1-0"]
[WhiteTitle "WFM"]
[BlackTitle "FM"]
[WhiteElo "2162"]
[BlackElo "2213"]
[WhiteFideId "30929849"]
[BlackFideId "30908132"]
[EventDate "2025.07.15"]

1. e4 c5 2. Nc3 Nc6 3. g3 d6 4. Bg2 e5 5. d3 g6 6. Be3 Bg7 7. Qd2 h6 8. f4 Nf6
9. h3 Nh5 10. Nge2 Nd4 11. O-O-O Qa5 12. Kb1 exf4 13. gxf4 Be6 14. Nc1 O-O-O 15.
Nb3 Qb4 16. Qf2 Nc6 17. e5 Bxb3 18. axb3 Nd4 19. Ne4 Nf5 20. Nxd6+ Nxd6 21. exd6
Bd4 22. c3 Bxe3 23. Qxe3 Qb6 24. d4 Qxd6 25. Rhf1 Rhe8 26. Qf3 Qc7 27. dxc5
Rxd1+ 28. Qxd1 Nxf4 29. Bxb7+ Kxb7 30. Qf3+ Kc8 31. Qxf4 Qxf4 32. Rxf4 f5 33.
Kc2 Re5 34. Kd3 Rxc5 35. Rh4 h5 36. Kd4 Rb5 37. b4 Kc7 38. Ke3 Re5+ 39. Kf3 Re1
40. Rc4+ Kd7 41. Kf4 Ke6 42. Rc6+ Kf7 43. Ra6 Kg7 44. Rxa7+ Kh6 45. b5 Rf1+ 46.
Kg3 f4+ 47. Kg2 Rd1 48. Kf3 Rd2 49. Kxf4 Rxb2 50. c4 Rb3 51. h4 Rh3 52. c5 Rxh4+
53. Ke5 Rb4 54. b6 h4 55. b7 h3 56. c6 Rb5+ 57. Kd6 h2 58. Ra1 1-0

[Event "ch-USA Girls 2025"]
[Site "Saint Louis USA"]
[Date "2025.07.22"]
[Round "7.5"]
[White "Qiu, Laurie"]
[Black "Gaw, Chloe"]
[Result "1-0"]
[WhiteTitle "WFM"]
[BlackTitle "WIM"]
[WhiteElo "2031"]
[BlackElo "2172"]
[WhiteFideId "30998190"]
[BlackFideId "30966892"]
[EventDate "2025.07.15"]

1. d4 d5 2. c4 dxc4 3. Nf3 Nf6 4. e3 e6 5. Bxc4 c5 6. O-O a6 7. Nbd2 b5 8. Be2
Bb7 9. a4 b4 10. Nb3 cxd4 11. Nfxd4 Be7 12. f3 O-O 13. e4 Nbd7 14. Be3 Rc8 15.
a5 Nc5 16. Rc1 Re8 17. Rc4 Qd7 18. Qc2 Nxb3 19. Nxb3 Rxc4 20. Bxc4 Rc8 21. Qe2
Qc6 22. Rc1 Ne8 23. Bb6 Bd8 24. Bxd8 Rxd8 25. Bd5 Qxc1+ 26. Nxc1 exd5 27. exd5
Nf6 28. Qe7 Rd7 29. Qe5 h6 30. d6 Bc6 31. Nd3 Rd8 32. Nxb4 Bb5 33. Nd5 Nxd5 34.
Qxd5 Re8 35. b4 Kf8 36. d7 Re1+ 37. Kf2 Re2+ 38. Kg3 Bxd7 39. Qxd7 Re6 40. Qd8+
Re8 41. Qd6+ Kg8 42. Qxa6 Kh7 43. Qd3+ g6 44. a6 Re7 45. b5 h5 46. b6 Re6 47. a7
Re8 48. b7 h4+ 49. Kxh4 1-0

[Event "ch-USA Girls 2025"]
[Site "Saint Louis USA"]
[Date "2025.07.23"]
[Round "8.1"]
[White "Paragua, Megan Althea"]
[Black "Su, Jasmine Zhixin"]
[Result "1/2-1/2"]
[WhiteTitle "FM"]
[WhiteElo "2249"]
[BlackElo "2189"]
[WhiteFideId "30973007"]
[BlackFideId "30974909"]
[EventDate "2025.07.15"]

1. e4 c5 2. Nf3 d6 3. d4 cxd4 4. Qxd4 Nc6 5. Bb5 Bd7 6. Bxc6 Bxc6 7. Nc3 Nf6 8.
Bg5 e6 9. Bxf6 Qxf6 10. Qxf6 gxf6 11. Nd4 Rc8 12. O-O-O a6 13. Rd3 Bd7 14. a4
Be7 15. Rhd1 Rg8 16. g3 h5 17. h4 Rc5 18. Nb3 Rc6 19. Rd4 Rc7 20. a5 Rg4 21. Re1
Kf8 22. Nd1 f5 23. exf5 Rxd4 24. Nxd4 e5 25. Ne2 Bxf5 26. Ne3 Be6 27. Rd1 Rc5
28. b4 Rb5 29. c3 d5 30. Nc2 d4 31. cxd4 Bxb4 32. Nxb4 Rxb4 33. dxe5 Re4 34. Nf4
Rxe5 35. Rd8+ Kg7 36. Rb8 Rxa5 37. Rxb7 Bg4 38. Rb3 Be6 39. Rb6 Bg4 40. Kb2 Ra4
41. Nd3 Be2 42. Ne5 Ra5 43. f4 Rb5+ 44. Rxb5 Bxb5 45. g4 hxg4 46. Nxg4 Kg6 47.
Ne5+ Kh5 48. Nxf7 Kxh4 49. Nd6 Kg4 50. Nxb5 axb5 51. Kb3 b4 52. Kxb4 Kxf4 1/2-1/2

[Event "ch-USA Girls 2025"]
[Site "Saint Louis USA"]
[Date "2025.07.23"]
[Round "8.2"]
[White "Atwell, Rose"]
[Black "Li, Rachael"]
[Result "1/2-1/2"]
[WhiteTitle "FM"]
[BlackTitle "WFM"]
[WhiteElo "2271"]
[BlackElo "2162"]
[WhiteFideId "30951011"]
[BlackFideId "30929849"]
[EventDate "2025.07.15"]

1. Nf3 Nf6 2. g3 g6 3. b3 Bg7 4. Bb2 d5 5. c4 c6 6. Bg2 Bf5 7. d3 O-O 8. O-O h6
9. Nbd2 g5 10. Qc2 Na6 11. Bc3 Nc7 12. Qb2 Ne6 13. cxd5 cxd5 14. Nd4 Nxd4 15.
Bxd4 Qd7 16. Rfe1 Rfd8 17. Nf3 b6 18. e4 dxe4 19. dxe4 Bh3 20. Bh1 g4 21. e5
gxf3 22. exf6 Qxd4 23. Qxd4 Rxd4 24. Bxf3 Bxf6 25. Bxa8 Rd8 26. Bf3 Bxa1 27.
Rxa1 Rd2 28. b4 Kg7 29. a3 f5 30. Bg2 Bxg2 31. Kxg2 Kf6 32. Rc1 Rd3 33. Rc6+ e6
34. Rc7 Rxa3 35. Rh7 Kg6 36. Re7 Kf6 37. Rh7 Kg6 38. Re7 Kf6 39. Rh7 1/2-1/2

[Event "ch-USA Girls 2025"]
[Site "Saint Louis USA"]
[Date "2025.07.23"]
[Round "8.3"]
[White "Yan, Ruiyang"]
[Black "Mou, Iris"]
[Result "1/2-1/2"]
[WhiteTitle "FM"]
[BlackTitle "WIM"]
[WhiteElo "2209"]
[BlackElo "2271"]
[WhiteFideId "30919860"]
[BlackFideId "30939836"]
[EventDate "2025.07.15"]

1. e4 e6 2. d4 d5 3. Nc3 Bb4 4. e5 Ne7 5. a3 Bxc3+ 6. bxc3 b6 7. Bb5+ c6 8. Bd3
Ba6 9. Ne2 Bxd3 10. Qxd3 c5 11. h4 Qd7 12. h5 h6 13. a4 Nbc6 14. dxc5 bxc5 15.
f4 Qb7 16. Ba3 Qb6 17. Qb5 c4 18. Bc5 Qc7 19. Bd6 Qd7 20. O-O a6 21. Qb2 Qa7+
22. Kh2 Nf5 23. Ba3 f6 24. Nd4 Ncxd4 25. cxd4 Rb8 26. Qc3 Qxd4 27. Qf3 fxe5 28.
Qg4 Kd7 29. Qg6 Rhe8 30. Qf7+ Kd8 31. Rab1 Rxb1 32. Rxb1 Qxf4+ 33. Kg1 Qd4+ 34.
Kh2 Qf4+ 35. Kg1 Qd4+ 36. Kh2 Qf4+ 1/2-1/2

[Event "ch-USA Girls 2025"]
[Site "Saint Louis USA"]
[Date "2025.07.23"]
[Round "8.4"]
[White "Tang, Zoey"]
[Black "Gaw, Chloe"]
[Result "1-0"]
[WhiteTitle "FM"]
[BlackTitle "WIM"]
[WhiteElo "2371"]
[BlackElo "2172"]
[WhiteFideId "30952530"]
[BlackFideId "30966892"]
[EventDate "2025.07.15"]

1. d4 d5 2. c4 e6 3. Nf3 Nf6 4. Nc3 h6 5. g3 Bd6 6. Bg2 Nc6 7. O-O O-O 8. b3 b6
9. Bb2 Bb7 10. cxd5 exd5 11. Nh4 Ne7 12. Nb5 Bc8 13. Rc1 Be6 14. Qc2 c6 15. Nxd6
Qxd6 16. Rfd1 Rac8 17. Qd3 Rfe8 18. Qa6 Rc7 19. Ba3 Qd7 20. Nf3 Bh3 21. Ne5 Qe6
22. Bf3 Ng6 23. Bb2 Nd7 24. Nxg6 fxg6 25. Rc3 Nf6 26. Re3 Qf7 27. Re5 Nd7 28.
Rxe8+ Qxe8 29. Ba3 Qe6 30. Qd3 Bf5 31. Qd2 g5 32. h4 gxh4 33. Qf4 Rc8 34. gxh4
Nf6 35. Kh2 Ng4+ 36. Bxg4 Bxg4 37. Rg1 Bxe2 38. Bd6 Kh7 39. Bf8 g5 40. hxg5 Bd3
41. g6+ Kg8 42. Qxh6 Rc7 43. Qf4 Rd7 44. g7 Bh7 45. Bb4 1-0

[Event "ch-USA Girls 2025"]
[Site "Saint Louis USA"]
[Date "2025.07.23"]
[Round "8.5"]
[White "Wu, Rochelle"]
[Black "Qiu, Laurie"]
[Result "0-1"]
[WhiteTitle "FM"]
[BlackTitle "WFM"]
[WhiteElo "2213"]
[BlackElo "2031"]
[WhiteFideId "30908132"]
[BlackFideId "30998190"]
[EventDate "2025.07.15"]

1. d4 d5 2. c4 e6 3. Nc3 Nf6 4. cxd5 exd5 5. Bg5 c6 6. e3 h6 7. Bh4 Be7 8. Bd3
O-O 9. Nge2 Re8 10. O-O Nbd7 11. f3 b5 12. Rc1 a5 13. Bf2 Ba6 14. Ng3 Bf8 15. e4
b4 16. Bxa6 bxc3 17. Bd3 dxe4 18. fxe4 cxb2 19. Rxc6 Rc8 20. Rxc8 Qxc8 21. e5
Nd5 22. Qf3 Nb4 23. Bb1 Nb6 24. Qe4 g6 25. Nh5 N4d5 26. Be1 Qe6 27. Bxa5 Nc4 28.
Be1 Bg7 29. Nf4 Nxf4 30. Qxf4 Na3 31. Bc3 Qc4 32. Qd2 Rb8 33. Re1 Bf8 34. e6
fxe6 35. Qe3 Nxb1 36. Rxb1 Ba3 37. Qg3 Rb7 38. d5 Qe4 39. Qe1 Qxe1+ 40. Bxe1
exd5 41. Kf2 Rc7 0-1